00890cam a22002291 450000100100000000500170001000800410002701000130006803500180008104000220009904200120012105000220013310000480015524500690020326000530027230000170032550001120034250500510045491000330050595201050053899900170064300001993020200929170208.0740619s1970 ve 000 0 spa  a71555460 a(OCoLC)923802 aDO-SdBNPcOUdDLC apremarc00aPQ8549b.M27 19701 aMaldonado, Samuel Dario,d1870-1925.94036610aObras de Samuel Dario Maldonado. :bCentenario de su nacimiento. aCaracas, :bPresidencia de la Republica,c1970-. av. ;c24 cm. aVol. 2 published by the Instituto Nacional de Cultura y Bellas Artes; v. 3, by the Ministerio de Educacion.0 a1. Tierra nuestra. --2. poesias. --3. Ensayos. aCatalogación derivada / LC 001050718MOaGRbGRcCTd2010-07-09iLF1l0o p19930-10r2020-06-25w2020-06-25y1ZNo se presta c19443d19443